Lascaux o el nacimiento del arte.
Gespeichert in:
| 1. Verfasser: | |
|---|---|
| Format: | Buch |
| Sprache: | Spanisch |
| Veröffentlicht: |
Madrid, España:
Arena Libros,
2013.
|
| Schriftenreihe: | Filosofía una vez.
|
| Schlagworte: | |
| Tags: |
Tag hinzufügen
Keine Tags, Fügen Sie den ersten Tag hinzu!
|
MARC
| LEADER | 00000cam a2200000 a 4500 | ||
|---|---|---|---|
| 001 | UCF9667 | ||
| 003 | CL-VaPUC | ||
| 005 | 20250321101938.0 | ||
| 008 | 131206t20130000ag |||||||||||||||||spa|d | ||
| 999 | |c 446935 |d 446933 | ||
| 020 | |a 978-84-95897-99-2 | ||
| 040 | |c Pontificia Universidad Católica de Valparaíso | ||
| 082 | 0 | 4 | |a 759.0112 BAT 2013 |2 21 |
| 100 | 0 | |a Bataille, Georges |e autor |9 572019 | |
| 245 | 1 | 0 | |a Lascaux o el nacimiento del arte. |
| 260 | |a Madrid, España: |b Arena Libros, |c 2013. | ||
| 300 | |a 105 páginas. | ||
| 490 | |a Filosofía una vez. | ||
| 500 | |a c.1-c.3. Instituto Arcos.08-01-2025. | ||
| 583 | |a last modification |c 20131206 11:14:00 |k Gabriela Rodríguez Cuevas | ||
| 650 | 0 | |a Historia del arte |9 314877 |x Pinturas prehistóricas | |
| 650 | 0 | |a Arte rupestre |9 349639 |z Cueva de Lascaux, Francia | |
| 942 | |c BK |2 ddc |n 0 | ||
| 945 | |d 20131206 11:14:00 |a dcastane | ||
| 952 | |0 0 |1 0 |2 ddc |4 0 |6 759_011200000000000_BAT_2013 |7 0 |9 600144 |a BIBINC |b BIBINC |c GEN |d 2025-01-30 |e Instituto Arcos. |i 5665106 |o 759.0112 BAT 2013 |p 5665106 |r 2025-01-30 |t 1 |w 2025-01-30 |y BK |k IFP | ||
| 952 | |0 0 |1 0 |2 ddc |4 0 |6 759_011200000000000_BAT_2013 |7 0 |9 600150 |a BIBINC |b BIBINC |c GEN |d 2025-01-30 |e Instituto Arcos |i 5665107 |o 759.0112 BAT 2013 |p 5665107 |r 2025-01-30 |t 2 |w 2025-01-30 |y BK |k IFP | ||
| 952 | |0 0 |1 0 |2 ddc |4 0 |6 759_011200000000000_BAT_2013 |7 0 |9 600151 |a BIBINC |b BIBINC |c GEN |d 2025-01-30 |e Instituto Arcos |i 5665108 |o 759.0112 BAT 2013 |p 5665108 |r 2025-01-30 |t 3 |w 2025-01-30 |y BK |k IFP | ||